000 01084nam a2200229 a 4500
001 BRCA_8822
005 20190320210426.0
008 260417c1778----ag-#######---#000-0#----#
041 _aspa
044 _asp
084 _aBE203
_b.J83 1778
100 1 _aJuan Bautista Carlos María de Beauvais
_921987
245 1 0 _aOración funevre de Luis XV el amado
_brey de Francia, y de Navarra, pronunciada en la Iglesia de la Abadía Real de San Dionisio, el día 27 Julio de 1774
_cpor el Ilmo. Señor D. Juan Bautista Carlos María de Beauvais, Obispo de Senes; y traducida del francés por el Mtro. Lucas Campoo y Otazu...
260 _aMadrid
_bPor Blas Román
_c1778
300 _a330 p.
_c15.4 x 10.5 cm.
500 _aCon las licencias necesarias
500 _aEn portada: Con un discurso preliminar sobre la predicación Francesa, que para instrucción de la juventud escribe el traductor
500 _aEstado físico: presenta encuadernación en pergamino con algunos cuadernillos desprendidos
700 1 _aCampoo y Otazu, Lucas
_etr.
_921988
902 _aCFM
942 _2lcc
_cB
999 _c8473
_d8473